Developing a Ports National Policy Statement (Record no. 110222)

MARC details
000 -LEADER
fixed length control field 02553cad a22002655a 4500
001 - CONTROL NUMBER
control field L148790
008 - FIXED-LENGTH DATA ELEMENTS--GENERAL INFORMATION
fixed length control field 091110e20091109xxko f f000 0 eng d
035 ## - SYSTEM CONTROL NUMBER
System control number (Sirsi) u148790
041 0# - LANGUAGE CODE
Language code of text/sound track or separate title eng
050 04 - LIBRARY OF CONGRESS CALL NUMBER
Classification number 711.76 $2 18
110 1# - MAIN ENTRY--CORPORATE NAME
Corporate name or jurisdiction name as entry element United Kingdom
Subordinate unit Department for Transport
9 (RLIN) 4866
245 00 - TITLE STATEMENT
Title Developing a Ports National Policy Statement
Remainder of title consultation document
Medium [electronic resource]
260 ## - PUBLICATION, DISTRIBUTION, ETC.
Place of publication, distribution, etc. London
Name of publisher, distributor, etc. DFT
Date of publication, distribution, etc. 2009
505 2# - FORMATTED CONTENTS NOTE
Formatted contents note Foreword -- Introduction and purpose of this document -- Transport and the economy: the essential role of ports -- The need for additional capacity -- An uncertain future -- A successful and competitive market-led sector -- Connecting ports to the rest of the transport network -- Transport that works for everyone: supporting economic growth; reducing greenhouse gases; contributing to better safety, security and health -- Promoting equality of opportunity -- Improving quality of life, and promoting a healthy natural environment -- Key considerations for decision making -- Overarching questions on the NPS -- Appraising the sustainability of the national policy statement -- Appropriate assessment -- Impact assessment -- Summary of consultation questions -- Responding to this consultation: confidentiality; consultation events -- What happens next? -- Annex A: List of consultees -- Annex B: Code of practice on consultation
520 ## - SUMMARY, ETC.
Summary, etc. Consultation document seeks views on the draft national policy statement (NPS) for ports. Advocates need for additional port capacity. Discusses the balance required between the economic benefits of ports and their adverse impacts on local communities and the environment. Accompanying documents to be consulted along with the consultation document are: the draft National Policy for ports; a consultation stage Appraisal of Sustainability of the draft NPS; a consultation stage Appropriate Assessment of the draft NPS and a consultation stage Impact Assessment for the NPS.
520 ## - SUMMARY, ETC.
Summary, etc. Deadline for comments is 15 February 2010.
521 ## - TARGET AUDIENCE NOTE
Target audience note Advanced
590 ## - LOCAL NOTE (RLIN)
Local note KA NTK
650 24 - SUBJECT ADDED ENTRY--TOPICAL TERM
Topical term or geographic name entry element PLANNING ACT 2008
651 #4 - SUBJECT ADDED ENTRY--GEOGRAPHIC NAME
Geographic name Great Britain
Chronological subdivision 1707-
690 ## - LOCAL SUBJECT ADDED ENTRY--TOPICAL TERM (OCLC, RLIN)
Topical term or geographic name as entry element ENVIRONMENTAL AND LAND CONSULTANCY-PLANNING AND DEVELOPMENT
690 ## - LOCAL SUBJECT ADDED ENTRY--TOPICAL TERM (OCLC, RLIN)
Topical term or geographic name as entry element PROPERTY-INFRASTRUCTURE-TRANSPORT INFRASTRUCTURE-WATER TRANSPORT AND PROTECTION INFRASTRUCTURE-WATER TRANSPORT AND PROTECTION FACILITIES-PORT PROPERTY-PORT FACILITIES
856 40 - ELECTRONIC LOCATION AND ACCESS
Uniform Resource Identifier <a href="https://www.info4local.gov.uk/documents/consultations/1377717">https://www.info4local.gov.uk/documents/consultations/1377717</a>
Public note View the consultation free of charge at www.info4local.gov.uk...
942 ## - ADDED ENTRY ELEMENTS (KOHA)
Suppress in OPAC 0
Holdings
Withdrawn status Lost status Source of classification or shelving scheme Damaged status Not for loan Home library Current library Shelving location Date acquired Total Checkouts Full call number Barcode Date last seen Copy number Price effective from Koha item type
    Dewey Decimal Classification     Virtual Virtual Online 10/11/2009   ONLINE PUBLICATION 148790-2001 06/08/2019 1 06/08/2019 Book